000 00874nam a2200277 4500
003 AR-FvUNAJ
005 20251216143609.0
007 cr
008 090612s1995____sp_||||||||||_||||||spa|d
020 _a9786079356279
040 _cAR-FvUNAJ
100 1 _aDelves, Peter
_920162
245 1 0 _aRoitt :
_bInmunología /
_cPeter Delves, Seamus Martin, Dennis Burton, Ivan Roitt.
250 _a12a.ed
260 _aBuenos Aires :
_bMedica Panamericana,
_c2015.
300 _ap.
_bdigital
546 _aTexto en español
650 2 7 _aINMUNOLOGIA
_2decs
650 2 7 _aPATOLOGIA
_2unescot
_9837
700 1 _aMartin, Seamus J.
_920163
700 1 _aBurton, Dennis
_920164
700 1 _aRoitt, Ivan
_920165
856 _uhttps://cin.ticmas.io/bidi/book/f50ad495-ee79-4090-b305-4e9a6edba853
942 _cLIBRO DIGI
_2ddc
980 _62
_aVirginia Figueroa
_819227
_gLeticia Ana Abalos
999 _c10171
_d10171